000 00196nam a2200085Ia 4500
008 170620s9999 xx 000 0 und d
100 _aLAXMIKANTH M
245 0 _aINDIAN POLITY
260 _b"NEW DELHI
260 _c MC GRAW HILL"
999 _c29636
_d29636